| 000 | 00481nam a22001695i 4500 | ||
|---|---|---|---|
| 001 | 53660 | ||
| 003 | ES-MaACL | ||
| 005 | 20230906162815.0 | ||
| 007 | t| | ||
| 008 | 940301s1879 sp ||||1| spa d | ||
| 040 |
_aAS _bspa |
||
| 100 | 1 |
_aFernández Bremón, José. _949524 |
|
| 245 | 1 | 0 |
_aCuentos / _cpor José Fernández Bremon. |
| 260 |
_aMadrid : _bLa Ilustración Española y Americana, _c1879 ( _fAribau y Cª) |
||
| 300 |
_a348 p. ; _c22 cm. |
||
| 852 |
_aES-MaACL _jF-12526 |
||
| 999 |
_c53660 _d53660 |
||